All Lord of the Rings and The Hobbit Characters-R - Statistics

General Stats
  • This quiz has been taken 16 times
  • The average score is 2 of 8
Answer Stats
Times Mentioned Answer % Correct
13 Radagast the Brown
75%
3 Rory
50%
1 Radbug
25%
6 Robin Smallburrow
25%
19 Rosie Cotton
25%
3 Rumil
25%
6 Roac
0%
1 Roheryn
0%
No matching quizzes found
Score Distribution
Percent of People with Each Score
Percentile by Number Answered
Your Score History
You have not taken this quiz